000 00673nam a2200241Ia 4500
003 OSt
005 20221006145254.0
006 a|||||r|||| 00| 0
007 ta
008 221006b |||||||| |||| 00| 0 eng d
020 _c
_57.50
024 _a14,302
037 _cTextual
040 _aEASL
_cEASL
_beng
041 _2eng
_aeng
082 _aO41x, 111M5
100 _aDUKE Michael S Ed.
_966021
245 0 _aContemporary Chinese literature
_b An anthology of post-Mao fiction and poetry
260 _aArmonk
_bM.E. Sharpe
_c1985
300 _a138p.
_ccm.
942 _hO41x, 111M5
_cTEXL
_2CC
999 _c1082388
_d1082388